000 00343pab a2200145 454500
008 180718b1986 xxu||||| |||| 00| 0 eng d
100 _aLakdawala, D.T.
245 _aBudget and Seventh Plan
260 _c1986
300 _a657-60
362 _a12 Apr.
650 _aBudget - India
773 _aEconomic and Political Weekly
909 _a4770
999 _c4770
_d4770